000 00545nam a22001817a 4500
003 BUBTL
008 190703b xxu||||| |||| 00| 0 eng d
020 _a978-98434-3229-2
082 _a346.54 / TAL
100 _92364
_aTalukder, S.M. Hasan
245 _aLaw of Transfer of Property ( Theory and Practice ) /
_cS.M. Hasan Talukder
260 _aDhaka :
_bLaw's Empire Publishing,
_cc2017
300 _axi, 198 p. :
_c22 cm.
650 0 _92102
_aLaw
856 _k0
_l0
_yDownload
942 _2ddc
_cBK
999 _c6089
_d6089